Caritat : drama en un acte / Enric Rusiñol drama en un acte / Enric Rusiñol
Descripción Física:
71 p. ; 17 cm
MARC
| LEADER | 00000nam a2200000Ia 4500 | ||
|---|---|---|---|
| 001 | 11790 | ||
| 008 | 160829s1954 xx 000 0 cat d | ||
| 080 | |a L-1-341 | ||
| 100 | |a Rusiñol, Enric |9 24286 | ||
| 245 | |a Caritat : |b drama en un acte / Enric Rusiñol | ||
| 260 | |a Barcelona : |b (Imp. Casa de Caritat), |c 1954 | ||
| 300 | |a 71 p. ; |c 17 cm | ||
| 901 | |a Arxiu | ||
| 942 | |n 1 | ||
| 952 | |0 0 |1 0 |4 0 |6 L1341 |7 1 |9 43062 |a Arxiu |b Arxiu |d 2016-12-01 |l 0 |o L-1-341 |p 11790 |r 2016-12-01 00:00:00 |w 2016-12-01 |y ARXIU | ||
| 999 | |c 45606 |d 45606 | ||